[Event "FRA-chT 9900"]
[Site "France"]
[Date "2000.05.01"]
[Round "11.1"]
[White "Tkachiev, Vladislav"]
[Black "Gelfand, Boris"]
[Result "1/2-1/2"]
[WhiteElo "2670"]
[BlackElo "2692"]
[PlyCount "23"]
[EventDate "2000.02.04"]
[Source "www.chesslib.no"]
[SourceDate "2004.05.04"]

1. d4 d5 2. c4 c6 3. Nf3 Nf6 4. Qc2 dxc4 5. Qxc4 Bf5 6. g3 e6 7. Bg2 Nbd7 8. Nc3 Be7 9. O-O O-O 10. e3 Ne4 11. Nd2 Nxd2 12. Bxd2 1/2-1/2

[Event "Reykjavik 87/349"]
[Site "?"]
[Date "2003.??.??"]
[Round "?"]
[White "Korchnoi, V."]
[Black "Bacrot, E."]
[Result "1-0"]
[WhiteElo "2642"]
[BlackElo "2671"]
[PlyCount "87"]
[EventDate "2003.??.??"]
[Source "Chess Informant"]
[SourceDate "2003.02.01"]

1. c4 Nf6 2. Nf3 c6 3. d4 d5 4. Qc2 dxc4 5. Qxc4 Bf5 6. g3 e6 7. Bg2 Nbd7 8. Nc3 Be7 9. Qb3 Qb6 10. Nd2 Bg6 11. Nc4 Qxb3 12. axb3 Nd5 13. O-O f5 14. Na5 O-O-O 15. Bxd5 exd5 16. Bf4 Nb8 17. Rfc1 Bd6 18. Nxd5 Bxf4 19. Nxf4 Rxd4 20. Nc4 Bf7 21. Rxa7 Bxc4 22. Rxc4 Rd1+ 23. Kg2 Re8 24. Rc2 Kc7 25. Ra5 g6 26. Nd5+ Kc8 27. Ne3 Rd4 28. Ra4 Red8 29. Rxd4 Rxd4 30. Nc4 Rd1 31. Rd2 Rb1 32. b4 b5 33. Ne5 Kc7 34. h4 Kb6 35. Kf3 Na6 36. Nd7+ Kc7 37. Nf8 Nxb4 38. Nxh7 Nd5 39. Nf8 Nb6 40. Nxg6 Nc4 41. Rc2 Nxb2 42. Ne5 b4 43. Rxc6+ Kb7 44. h5 1-0

[Event "Groningen"]
[Site "?"]
[Date "1996.??.??"]
[Round "?"]
[White "Akopian, V."]
[Black "Gelfand, B."]
[Result "1/2-1/2"]
[WhiteElo "2630"]
[BlackElo "2665"]
[PlyCount "66"]
[EventDate "1996.??.??"]
[Source "ChessBase"]
[SourceDate "1996.10.01"]

1. d4 d5 2. c4 c6 3. Nf3 Nf6 4. Qc2 dxc4 5. Qxc4 Bf5 6. g3 e6 7. Bg2 Be7 8. O-O Nbd7 9. e3 O-O 10. Nc3 Ne4 11. Qe2 Nxc3 12. bxc3 Be4 13. c4 c5 14. Rd1 Nf6 15. Bb2 Qc7 16. Rac1 Rad8 17. Ne1 Bxg2 18. Nxg2 cxd4 19. exd4 Rfe8 20. d5 exd5 21. cxd5 Qa5 22. Ne3 Qxa2 23. Ra1 Qb3 24. Rdb1 Qb6 25. Be5 Bb4 26. Qc4 Rxe5 27. Rxb4 Re4 28. Rxb6 Rxc4 29. Rxb7 Rd4 30. Nf5 Rd2 31. Raxa7 Rf8 32. d6 h5 33. Rc7 Kh7 1/2-1/2

[Event "FRA-chT 9900"]
[Site "France"]
[Date "2000.02.05"]
[Round "2.1"]
[White "Tkachiev, Vladislav"]
[Black "Khenkin, Igor"]
[Result "1/2-1/2"]
[WhiteElo "2670"]
[BlackElo "2622"]
[PlyCount "26"]
[EventDate "2000.02.04"]
[Source "www.chesslib.no"]
[SourceDate "2004.05.04"]

1. d4 d5 2. c4 c6 3. Nf3 Nf6 4. Qb3 dxc4 5. Qxc4 Bf5 6. g3 e6 7. Bg2 Nbd7 8. Nc3 Be7 9. O-O O-O 10. e3 Ne4 11. Rd1 Nxc3 12. bxc3 Bc2 13. Rd2 Be4 1/2-1/2

[Event "Biel GM"]
[Site "Biel"]
[Date "2003.07.21"]
[Round "1"]
[White "Kortschnoj, Viktor"]
[Black "Bacrot, Etienne"]
[Result "1/2-1/2"]
[WhiteElo "2628"]
[BlackElo "2645"]
[PlyCount "39"]
[EventDate "2003.07.21"]
[Source "ChessBase"]
[SourceDate "2003.11.11"]

1. Nf3 d5 2. d4 Nf6 3. c4 c6 4. Qb3 dxc4 5. Qxc4 Bf5 6. e3 Nbd7 7. Nbd2 Qc7 8. Qb3 h6 9. Nc4 e6 10. Bd3 Bxd3 11. Qxd3 c5 12. O-O Be7 13. b3 O-O 14. Bb2 Rfd8 15. Qe2 b5 16. Nce5 Qb7 17. Nxd7 Nxd7 18. Rfd1 a6 19. dxc5 Nxc5 20. Bd4 1/2-1/2

[Event "TCh-RUS"]
[Site "Togliatti"]
[Date "2003.05.23"]
[Round "8"]
[White "Kortschnoj, Viktor"]
[Black "Motylev, Alexander"]
[Result "1/2-1/2"]
[WhiteElo "2632"]
[BlackElo "2634"]
[PlyCount "57"]
[EventDate "2003.05.16"]
[Source "Roberto Alvarez"]
[SourceDate "2003.05.26"]

1. d4 d5 2. c4 c6 3. Nf3 Nf6 4. Qb3 dxc4 5. Qxc4 Bf5 6. g3 e5 7. Bg2 Nbd7 8. O-O Be7 9. Qb3 Qb6 10. Nbd2 O-O 11. Nc4 Qa6 12. Bf4 Nb6 13. Nfxe5 Rfd8 14. Rfd1 Be4 15. Bxe4 Nxe4 16. Qc2 Nf6 17. b3 Nbd5 18. Bd2 Rac8 19. e4 Nb4 20. Bxb4 Bxb4 21. Nd3 Bf8 22. Nc5 Qb5 23. b4 b6 24. a4 Qxb4 25. Rab1 bxc5 26. Rxb4 cxb4 27. Kg2 Nd5 28. Rd2 Nc3 29. Ne3 1/2-1/2

[Event "Cannes masters k.o."]
[Site "Cannes"]
[Date "2000.02.22"]
[Round "5.4"]
[White "Tkachiev, Vladislav"]
[Black "Savchenko, Stanislav"]
[Result "1-0"]
[WhiteElo "2670"]
[BlackElo "2574"]
[PlyCount "80"]
[EventDate "2000.02.19"]
[Source "ChessBase"]
[SourceDate "2000.05.31"]

1. d4 d5 2. c4 c6 3. Nf3 Nf6 4. Qc2 dxc4 5. e4 b5 6. b3 cxb3 7. axb3 e6 8. Bd2 Bb7 9. Bd3 Be7 10. O-O O-O 11. e5 Nd5 12. Bxh7+ Kh8 13. Be4 Nd7 14. Nc3 a6 15. Nxd5 cxd5 16. Bd3 g6 17. Ba5 Qe8 18. Qd2 Kg7 19. Rac1 Rc8 20. Bb4 Nb8 21. Rxc8 Bxc8 22. Rc1 Nc6 23. h4 Bd7 24. Bxe7 Qxe7 25. Qf4 Nb4 26. Bb1 Rc8 27. Re1 Rc3 28. h5 gxh5 29. Qg3+ Kf8 30. Bh7 Ke8 31. Qg7 Nc6 32. Ng5 Nxd4 33. Bg8 Kd8 34. Bxf7 Kc7 35. Qg8 h4 36. Rd1 Ne2+ 37. Kh2 Nf4 38. Rd4 Ne2 39. Rxh4 Rc1 40. Bxe6 Qc5 1-0

[Event "Cannes masters k.o."]
[Site "Cannes"]
[Date "2000.02.22"]
[Round "5.1"]
[White "Tkachiev, Vladislav"]
[Black "Savchenko, Stanislav"]
[Result "1/2-1/2"]
[WhiteElo "2670"]
[BlackElo "2574"]
[PlyCount "37"]
[EventDate "2000.02.19"]
[Source "ChessBase"]
[SourceDate "2000.05.31"]

1. d4 d5 2. c4 c6 3. Nf3 Nf6 4. Qc2 dxc4 5. Qxc4 Bf5 6. g3 e6 7. Bg2 Nbd7 8. Nc3 Be7 9. O-O O-O 10. e3 Ne4 11. Qe2 Nxc3 12. bxc3 Be4 13. Bh3 c5 14. Nd2 Bc6 15. e4 Nb6 16. Nb3 Na4 17. Bd2 b5 18. Rfe1 Re8 19. Rab1 1/2-1/2

[Event "otb"]
[Site "otb"]
[Date "2007.05.05"]
[Round "3"]
[White "Miroshnichenko Evgenij"]
[Black "Vitiugov Nikita"]
[Result "1/2-1/2"]
[WhiteElo "2646"]
[BlackElo "2592"]
[PlyCount "114"]
[Source "www.chesslib.no"]
[SourceDate "2004.05.04"]

1. d4 d5 2. c4 c6 3. Nf3 Nf6 4. Qb3 dxc4 5. Qxc4 Bf5 6. g3 e6 7. Bg2 Nbd7 8. O-O Be7 9. Nc3 O-O 10. Re1 Bg6 11. Qb3 Qb6 12. Nd2 Rfd8 13. Nc4 Qxb3 14. axb3 Nb6 15. Na5 Rd7 16. Nxb7 Rxb7 17. Bxc6 Rd7 18. Bxa8 Nxa8 19. Bf4 Bc2 20. Rec1 Bxb3 21. Nb5 Nb6 22. Nxa7 h6 23. Nc8 Nxc8 24. Rxc8+ Kh7 25. Rc7 Rxc7 26. Bxc7 Bc4 27. Kf1 g5 28. Bb6 Nd5 29. Bc5 Bf6 30. Ra7 Kg6 31. Ke1 Bg7 32. e4 Nf6 33. f3 h5 34. Ra4 Bd3 35. Ra3 Bb5 36. Ra5 Bc4 37. b4 Nd7 38. Kd2 h4 39. b5 e5 40. Ke3 g4 41. f4 exf4+ 42. gxf4 h3 43. f5+ Kh7 44. Bd6 Bh6+ 45. Bf4 g3 46. hxg3 Bf1 47. Ra2 Nf6 48. Bxh6 Bg2 49. Bf4 h2 50. Ra1 Nxe4 51. Be5 Nc3 52. b6 h1=Q 53. Rxh1+ Bxh1 54. Kd3 Na4 55. Bc7 Bd5 56. Ke3 f6 57. Bd8 Kg7 1/2-1/2

[Event "Europa ch 2008"]
[Site "Plovdiv BUL"]
[Date "2008.05.01"]
[Round "10.18"]
[White "Damljanovic, Branko"]
[Black "Mchedlishvili, Mikheil"]
[Result "1/2-1/2"]
[WhiteElo "2595"]
[BlackElo "2635"]
[PlyCount "79"]
[EventDate "2008.04.21"]
[Source "www.chesslib.no"]
[SourceDate "2004.05.04"]

1. Nf3 d5 2. d4 Nf6 3. c4 c6 4. Qc2 dxc4 5. Qxc4 Bf5 6. g3 e6 7. Bg2 Nbd7 8. O-O Be7 9. Nc3 O-O 10. Re1 Ne4 11. Qb3 Qb6 12. Nh4 Bxh4 13. gxh4 Ndf6 14. Qxb6 axb6 15. f3 Nxc3 16. bxc3 b5 17. e4 Bg6 18. Bf1 Ra4 19. Bd3 Nd7 20. Bc2 Ra6 21. Bb3 Nb6 22. Bf4 Rfa8 23. Rab1 Nc4 24. a4 Na3 25. axb5 Nxb5 26. Rec1 h6 27. Kf2 Kh7 28. Bc4 Ra5 29. Rb2 Na3 30. Be2 b5 31. Ra1 Nc4 32. Rxa5 Rxa5 33. Bxc4 bxc4 34. Rb4 c5 35. Rxc4 cxd4 36. cxd4 Ra2+ 37. Kg3 Ra3 38. Kf2 Ra2+ 39. Ke1 Ra3 40. Kf2 1/2-1/2

[Event "Hoogeveen (open)"]
[Site "?"]
[Date "2004.??.??"]
[Round "?"]
[White "Khenkin, I."]
[Black "Gurevich, M."]
[Result "0-1"]
[WhiteElo "2585"]
[BlackElo "2640"]
[PlyCount "128"]
[EventDate "2004.??.??"]
[Source "Chess Informant"]
[SourceDate "2004.10.01"]

1. d4 d5 2. c4 c6 3. Nf3 Nf6 4. Qb3 dxc4 5. Qxc4 Bf5 6. g3 e6 7. Bg2 Nbd7 8. Nc3 Be7 9. O-O O-O 10. Re1 Ne4 11. Qb3 Qb6 12. Nh4 Bxh4 13. gxh4 Nef6 14. Qxb6 axb6 15. Bf4 b5 16. Bd6 Rfc8 17. Nxb5 cxb5 18. Bxb7 Nb6 19. Bxa8 Rxa8 20. b3 Ne4 21. Bc5 Nd5 22. f3 Nxc5 23. dxc5 Nb4 24. e4 Bh3 25. Red1 e5 26. a4 Nc2 27. Rac1 Nd4 28. axb5 Nxb5 29. Ra1 Rc8 30. b4 Kf8 31. Ra6 Nd4 32. Rda1 Nxf3+ 33. Kf2 Nd4 34. Ra8 Rxa8 35. Rxa8+ Ke7 36. Rg8 Kf6 37. Rd8 Be6 38. Rb8 Bd7 39. Rb6+ Ke7 40. Rb7 Kd8 41. h5 h6 42. h3 Ke8 43. Rb8+ Ke7 44. Rb7 Kd8 45. h4 Ke8 46. Rb8+ Ke7 47. Rb7 Kd8 48. Ke3 Kc8 49. Ra7 Kd8 50. Rb7 f5 51. exf5 Nxf5+ 52. Kd3 Bc6 53. Rf7 e4+ 54. Kc4 Bd7 55. Rf8+ Ke7 56. Ra8 e3 57. b5 e2 58. Ra1 Bxb5+ 59. Kxb5 Nd4+ 60. Kb6 Nc2 61. Ra7+ Kf6 62. c6 e1=Q 63. c7 Qb4+ 64. Ka6 Nd4 0-1

[Event "Bad Wiessee (30.10.-07.11)"]
[Site "?"]
[Date "2004.11.07"]
[Round "9"]
[White "Khenkin Igor"]
[Black "Volkov Sergey"]
[Result "1-0"]
[WhiteElo "2587"]
[BlackElo "2628"]
[PlyCount "109"]
[EventDate "2004.??.??"]
[Source "www.chesslib.no"]
[SourceDate "2004.05.04"]

1. d4 d5 2. c4 c6 3. Nf3 Nf6 4. Qc2 dxc4 5. Qxc4 Bf5 6. g3 e6 7. Bg2 Nbd7 8. Nc3 Be7 9. O-O O-O 10. Re1 Ne4 11. Qb3 Qb6 12. Nh4 Bxh4 13. gxh4 Ndf6 14. f3 Qxd4+ 15. e3 Qe5 16. fxe4 Ng4 17. h3 Qg3 18. Qd1 Qf2+ 19. Kh1 Qg3 20. hxg4 Bxg4 21. Re2 Qxh4+ 22. Kg1 Rad8 23. Qe1 Qg5 24. Rd2 Bh3 25. e5 Rxd2 26. Qxd2 Rd8 27. Qf2 Bxg2 28. Qxg2 Qxe5 29. Bd2 b5 30. Ne4 Qxb2 31. Bc3 Qxg2+ 32. Kxg2 Rd3 33. Bd4 Ra3 34. Kf3 b4 35. Rg1 g6 36. Bf6 Ra5 37. Rd1 Rf5+ 38. Kg3 Rd5 39. Rxd5 cxd5 40. Nc5 Kf8 41. Na6 Ke8 42. Bd4 Kd7 43. Bxa7 Kc6 44. Nxb4+ Kb5 45. Nd3 g5 46. Bd4 f5 47. Bf6 h6 48. Ne5 Kb4 49. Be7+ Ka4 50. Nf7 f4+ 51. exf4 gxf4+ 52. Kxf4 h5 53. Ng5 Kb5 54. Nxe6 Kc4 55. Ke5 1-0

[Event "Mind Sports Games - Blitz Ind"]
[Site "Pechino CINA"]
[Date "2008.10.04"]
[Round "3"]
[White "Gurevich, M1."]
[Black "Sandipan, C."]
[Result "1-0"]
[WhiteElo "2634"]
[BlackElo "2579"]
[PlyCount "151"]
[EventDate "2008.10.04"]
[Source "www.chesslib.no"]
[SourceDate "2004.05.04"]

1. d4 d5 2. c4 c6 3. Nf3 Nf6 4. Qb3 dxc4 5. Qxc4 Bf5 6. g3 e6 7. Bg2 Be7 8. O-O O-O 9. Nc3 Nbd7 10. Re1 Bg6 11. e4 b5 12. Qxc6 b4 13. e5 bxc3 14. exf6 cxb2 15. fxe7 bxa1=Q 16. exd8=Q Raxd8 17. Bg5 Nb8 18. Qa4 Qb2 19. Bxd8 Rxd8 20. Qxa7 h6 21. a3 Qc2 22. Qa5 Rc8 23. Ne5 Kh7 24. Nxg6 fxg6 25. Qe5 Rf8 26. Qe3 Nd7 27. Be4 Qa2 28. Re2 Qa1+ 29. Kg2 Rb8 30. Bxg6+ Kxg6 31. Qe4+ Kf7 32. Qxe6+ Kf8 33. Qxd7 Qxa3 34. Re3 Qa8+ 35. d5 Rd8 36. Rf3+ Kg8 37. Qf7+ Kh8 38. Rd3 Rd6 39. Qf5 Qd8 40. Qe4 Qa8 41. h4 Qd8 42. h5 Qg8 43. Qe5 Qd8 44. Rd4 Qd7 45. Qe4 Qd8 46. Qf5 Qa8 47. g4 Qd8 48. Qe5 Qd7 49. Kg3 Qd8 50. Rd3 Qd7 51. Rf3 Qd8 52. Rf5 Rd7 53. Qf4 Qc7 54. Qxc7 Rxc7 55. Rf8+ Kh7 56. Rd8 Rc4 57. Kf3 Rd4 58. Ke3 Rxg4 59. d6 Rg1 60. Ke4 Re1+ 61. Kd5 Rd1+ 62. Ke6 Re1+ 63. Kf7 Rf1 64. Rf8 Rxf2+ 65. Ke7 Re2+ 66. Kd8 Re5 67. d7 Rxh5 68. Ke7 Rd5 69. d8=Q Rxd8 70. Rxd8 Kg6 71. Ke6 h5 72. Ke5 Kg5 73. Ke4 Kg4 74. Ke3 g5 75. Kf2 Kh3 76. Rd5 1-0

[Event "Europa ch 2008"]
[Site "Plovdiv BUL"]
[Date "2008.04.26"]
[Round "6.6"]
[White "Laznicka, Viktor"]
[Black "Volkov, Sergey"]
[Result "1/2-1/2"]
[WhiteElo "2578"]
[BlackElo "2633"]
[PlyCount "101"]
[EventDate "2008.04.21"]
[Source "www.chesslib.no"]
[SourceDate "2004.05.04"]

1. d4 d5 2. c4 c6 3. Nf3 Nf6 4. Qc2 dxc4 5. Qxc4 Bf5 6. g3 e6 7. Bg2 Be7 8. O-O O-O 9. Nc3 Nbd7 10. Re1 Ne4 11. Qb3 Qb6 12. Nh4 Bxh4 13. gxh4 Nef6 14. e4 Bg6 15. Qxb6 axb6 16. Bf4 b5 17. Bd6 Rfe8 18. b3 Nb6 19. f3 Nfd7 20. a4 bxa4 21. bxa4 Nc4 22. Bg3 e5 23. d5 Nc5 24. Reb1 Nd2 25. Rb2 Ndb3 26. Rd1 Nd4 27. f4 Bh5 28. Rdd2 Ndb3 29. Rdc2 exf4 30. Bxf4 Nd4 31. Rd2 Nxa4 32. Nxa4 Rxa4 33. Bc7 cxd5 34. exd5 Bg4 35. d6 Bd7 36. Bxb7 h5 37. Ra2 Rc4 38. Bd5 Rc1+ 39. Kf2 Ne6 40. Rac2 Ra1 41. Bc6 Nf8 42. Bxd7 Nxd7 43. Re2 Re6 44. Rxe6 fxe6 45. Bd8 Kf7 46. Rc7 Ra2+ 47. Kg3 Ra3+ 48. Kf4 Ra4+ 49. Kg5 Ra5+ 50. Kf4 Ra4+ 51. Kg5 1/2-1/2

[Event "It (Open) Lake George USA"]
[Site "?"]
[Date "2005.05.14"]
[Round "7"]
[White "Ehlvest Jaan"]
[Black "Shabalov Alexander"]
[Result "1/2-1/2"]
[WhiteElo "2614"]
[BlackElo "2593"]
[PlyCount "82"]
[EventDate "2005.??.??"]
[Source "www.chesslib.no"]
[SourceDate "2004.05.04"]

1. c4 Nf6 2. d4 c6 3. Nf3 d5 4. Qc2 dxc4 5. Qxc4 b5 6. Qc2 Bb7 7. e4 e6 8. Nc3 b4 9. e5 bxc3 10. exf6 cxb2 11. Qxb2 Qa5+ 12. Nd2 Bc8 13. fxg7 Bxg7 14. Bd3 Ba6 15. Bxa6 Qxa6 16. Rb1 O-O 17. Qb7 Qxb7 18. Rxb7 Na6 19. Nf3 Rfb8 20. Rxb8+ Rxb8 21. Ke2 Nb4 22. a4 Nc2 23. Bf4 Rb4 24. Rc1 Nxd4+ 25. Nxd4 Rxd4 26. Be3 Rxa4 27. Rxc6 Bf8 28. f4 a5 29. g4 Rb4 30. f5 Kg7 31. Kf3 Kf6 32. fxe6 fxe6 33. h4 Ke5 34. Ra6 Ra4 35. Ra7 h5 36. g5 Ra3 37. Rc7 Rb3 38. g6 Bh6 39. g7 Rxe3+ 40. Kf2 Bxg7 41. Kxe3 Bf6 1/2-1/2

[Event "09.OIBayEM Bad Wiessee op"]
[Site "?"]
[Date "2005.11.03"]
[Round "6"]
[White "Miroshnichenko Evgenij"]
[Black "Postny Evgeny"]
[Result "1/2-1/2"]
[WhiteElo "2634"]
[BlackElo "2571"]
[PlyCount "81"]
[EventDate "2005.??.??"]
[Source "www.chesslib.no"]
[SourceDate "2004.05.04"]

1. Nf3 d5 2. d4 c6 3. c4 Nf6 4. Qb3 dxc4 5. Qxc4 Bf5 6. g3 e6 7. Bg2 Be7 8. O-O Nbd7 9. Nc3 O-O 10. Re1 Ne4 11. Qb3 Qb6 12. Nh4 Bxh4 13. gxh4 Nef6 14. e4 Bg6 15. Qxb6 axb6 16. Bf4 Rfe8 17. Bd6 e5 18. d5 cxd5 19. exd5 e4 20. Bc7 b5 21. Nxb5 Nxd5 22. h5 Bxh5 23. Rxe4 Rxe4 24. Bxe4 N7f6 25. Bg2 Nxc7 26. Nxc7 Ra5 27. a4 Rg5 28. Ra3 Kf8 29. Nb5 b6 30. h3 Nd5 31. Kh2 Rf5 32. Rd3 Nf4 33. Rd6 Nxg2 34. Kxg2 Rg5+ 35. Kf1 Rg6 36. Rxg6 Bxg6 37. Nc3 Bc2 38. b4 Bd3+ 39. Ke1 Bc4 40. f4 Ke7 41. Kf2 1/2-1/2

[Event "BL 0607 TV Tegernsee - SF Katernberg"]
[Site "Germania"]
[Date "2007.03.18"]
[Round "13.2"]
[White "Khenkin, Igor"]
[Black "L'Ami, Erwin"]
[Result "1-0"]
[WhiteElo "2620"]
[BlackElo "2584"]
[PlyCount "57"]
[EventDate "2006.10.28"]
[Source "www.chesslib.no"]
[SourceDate "2004.05.04"]

1. Nf3 d5 2. d4 Nf6 3. c4 c6 4. Qb3 dxc4 5. Qxc4 Bf5 6. g3 e6 7. Bg2 Be7 8. O-O Nbd7 9. Nc3 O-O 10. Re1 Ne4 11. Qb3 Qb6 12. Nh4 Bxh4 13. gxh4 Nef6 14. Qxb6 axb6 15. Bf4 Rfe8 16. e4 Bg6 17. Bd6 e5 18. Rad1 Bh5 19. f3 exd4 20. Rxd4 Ne5 21. Bxe5 Rxe5 22. a4 Re7 23. Red1 h6 24. Kf2 g5 25. hxg5 hxg5 26. Bh3 Kh7 27. Rg1 Rg8 28. Bf5+ Kh6 29. Rd6 1-0

[Event "Europa ch 2008"]
[Site "Plovdiv BUL"]
[Date "2008.04.26"]
[Round "6.25"]
[White "Erdos, Viktor"]
[Black "Najer, Evgeniy"]
[Result "1/2-1/2"]
[WhiteElo "2576"]
[BlackElo "2627"]
[PlyCount "47"]
[EventDate "2008.04.21"]
[Source "www.chesslib.no"]
[SourceDate "2004.05.04"]

1. d4 d5 2. c4 c6 3. Nf3 Nf6 4. Qb3 dxc4 5. Qxc4 Bf5 6. g3 e6 7. Bg2 Nbd7 8. Nc3 Be7 9. O-O O-O 10. Re1 Ne4 11. Qb3 Qb6 12. Nh4 Bb4 13. Bxe4 Bxe4 14. Bd2 Bxc3 15. Qxc3 c5 16. Be3 Qb4 17. Qxb4 cxb4 18. f3 Bc2 19. Bd2 a5 20. Rac1 Rac8 21. Ng2 Nb6 22. Ne3 Bg6 23. Kf2 f6 24. Rxc8 1/2-1/2

[Event "III President's Cup"]
[Site "Baku AZE"]
[Date "2008.05.20"]
[Round "9.8"]
[White "Aleksandrov, Aleksej"]
[Black "Malakhatko, Vadim"]
[Result "1-0"]
[WhiteElo "2582"]
[BlackElo "2621"]
[PlyCount "55"]
[EventDate "2008.05.12"]
[Source "www.chesslib.no"]
[SourceDate "2004.05.04"]

1. d4 d5 2. c4 c6 3. Nf3 Nf6 4. Qc2 dxc4 5. Bg5 h6 6. Bxf6 exf6 7. Qxc4 Be6 8. Qc2 f5 9. e3 f4 10. exf4 Bd5 11. Be2 Bd6 12. g3 g5 13. O-O gxf4 14. Nc3 Be6 15. Rad1 fxg3 16. hxg3 Na6 17. d5 Nb4 18. Qa4 b5 19. Bxb5 cxb5 20. Nxb5 Nxd5 21. Nxd6+ Kf8 22. Qc6 Qf6 23. Qxa8+ Kg7 24. Qxa7 Qxf3 25. Qd4+ Nf6 26. Rd3 Qc6 27. Rc3 Qa8 28. Re1 1-0

[Event "Mind Sports Games - Rapid Ind"]
[Site "Pechino CINA"]
[Date "2008.10.06"]
[Round "6"]
[White "Nguyen Ngoc Truong Son"]
[Black "Gurevich, M1."]
[Result "1/2-1/2"]
[WhiteElo "2567"]
[BlackElo "2634"]
[PlyCount "164"]
[EventDate "2008.10.05"]
[Source "www.chesslib.no"]
[SourceDate "2004.05.04"]

1. Nf3 d5 2. d4 Nf6 3. c4 c6 4. Qc2 dxc4 5. Qxc4 Bf5 6. Nc3 e6 7. g3 Nbd7 8. Bg2 Be7 9. O-O O-O 10. Re1 Ne4 11. Qb3 Qb6 12. Nh4 Bxh4 13. gxh4 Nef6 14. e4 Bg6 15. Qxb6 axb6 16. Bf4 Rfe8 17. Rad1 b5 18. Bd6 Nb6 19. b3 Nfd7 20. Rd2 f6 21. Bh3 f5 22. f3 Nf6 23. Rg2 Nbd7 24. Rg5 Kf7 25. Kf2 h6 26. Rg2 Bh7 27. Reg1 Rg8 28. Ke3 Ne8 29. Bf4 b4 30. Na4 Nef6 31. Be5 fxe4 32. fxe4 Bxe4 33. Rf2 Bf5 34. Bxf5 exf5 35. Bxf6 Nxf6 36. Rxf5 b5 37. Nc5 Rge8+ 38. Re5 Rxa2 39. Rxe8 Nxe8 40. h3 Nf6 41. Nd3 Rc2 42. Nxb4 Rc3+ 43. Kf4 Rxh3 44. Nxc6 Rxh4+ 45. Ke5 Rh5+ 46. Kf4 g5+ 47. Kg3 Ne4+ 48. Kg4 Rh4+ 49. Kf5 Rf4+ 50. Ke5 Nd2 51. Rd1 Nxb3 52. Rd3 Nc1 53. Ra3 Rf2 54. d5 Rd2 55. Rf3+ Kg7 56. Nb4 Re2+ 57. Kd4 Rb2 58. Nc6 Rd2+ 59. Ke4 g4 60. Ra3 h5 61. Nd4 Ne2 62. Ra7+ Kg6 63. Ra6+ Kg5 64. Ne6+ Kh4 65. Ke3 Rxd5 66. Kxe2 b4 67. Nf4 Rb5 68. Ra1 b3 69. Rh1+ Kg3 70. Nxh5+ Kg2 71. Rh4 b2 72. Rxg4+ Kh3 73. Rg1 b1=Q 74. Nf4+ Kh4 75. Rxb1 Rxb1 76. Kf3 Rb3+ 77. Ke4 Kg4 78. Nd5 Rb1 79. Ne3+ Kg5 80. Nd5 Re1+ 81. Kd4 Kf5 82. Ne3+ Rxe3 1/2-1/2

[Event "New York op 5'"]
[Site "New York"]
[Date "1998.??.??"]
[Round "?"]
[White "Gurevich, Dmitry"]
[Black "Chernin, Alexander"]
[Result "1-0"]
[WhiteElo "2540"]
[BlackElo "2645"]
[PlyCount "103"]
[EventDate "1998.??.??"]
[Source "www.chesslib.no"]
[SourceDate "2004.05.04"]

1. d4 d5 2. c4 c6 3. Nf3 Nf6 4. Qc2 dxc4 5. Qxc4 Bf5 6. g3 e6 7. Bg2 Nbd7 8. O-O Be7 9. Bf4 O-O 10. Qb3 Qb6 11. Nc3 h6 12. Rfc1 Rfc8 13. Na4 Qxb3 14. axb3 Be4 15. Nc3 Bh7 16. Nd2 Nd5 17. Nc4 Nxf4 18. gxf4 a6 19. e3 Rab8 20. Ne4 Bxe4 21. Bxe4 g6 22. Kf1 Kf8 23. Kg2 h5 24. Bf3 Nf6 25. Rc2 Nd5 26. Nd2 g5 27. fxg5 Bxg5 28. Rac1 h4 29. Ne4 Be7 30. Nc5 Bxc5 31. Rxc5 Rd8 32. Kh3 Ke7 33. Rg1 Rg8 34. Rcc1 f5 35. Rxg8 Rxg8 36. Kxh4 Kf6 37. Kh3 Rg7 38. Bxd5 exd5 39. Rf1 f4 40. exf4 Kf5 41. Re1 Kxf4 42. Re3 a5 43. Rc3 Ke4 44. Rg3 Rh7+ 45. Kg2 Kxd4 46. Rg4+ Kc5 47. h4 d4 48. Kf1 Re7 49. Rg5+ Kb4 50. h5 c5 51. h6 Rh7 52. Rg7 1-0